Statistics for Is__a Country #4

Click here to take the quiz!

General Stats

  • This quiz has been taken 46 times
  • The average score is 14 of 15

Answer Stats

QuestionAnswer% Correct
Is Hokkaido a country?No
100%
Is corsica a country?No
100%
is Vietnam a country?Yes
100%
Is latvia a country?Yes
100%
Is Montenegro a country?Yes
100%
Is idaho a countryNo
98%
Is Madrid a countryNo
98%
is Kuwait a country?Yes
98%
Is Andaman islands a country?No
95%
Is puerto rico a country?No
95%
is sardinia a counry?No
95%
is mongolia a country?Yes
95%
Is Northern ireland a country?No
91%
Is Bhutan a country?Yes
91%
Is crete a country?No
89%

Score Distribution

Percentile by Number Answered

Percent of People with Each Score

Your Score History

You have not taken this quiz